000 00448nam a2200205Ia 4500
003 0100
008 130303s9999 xx 000 0 und d
040 _cARRUPELIB
050 _aB3958.W5 1958
245 _aSpinoza
245 _bSelections
260 _aNew York
260 _bCharles Scribner's Sons, inc
260 _C1958
300 _a479p.
300 _b 17cm
650 _aPHILOSOPHY
700 _aWild, John (ed.)
942 0 0 _01
999 _c49460
_d49460